|
|
|
|
| LEADER |
00000cam a2200000 a 4500 |
| 001 |
vtls008424967 |
| 003 |
SK-MaSNL |
| 005 |
20260301142059.0 |
| 008 |
240314s2005 xr l f 000 0dcze |
| 020 |
|
|
|a 8090333346
|q (brož.)
|
| 040 |
|
|
|a SNK
|b slo
|c SNK
|e AACR2
|
| 041 |
1 |
|
|a cze
|h eng
|
| 044 |
|
|
|a xr
|c CZ
|
| 072 |
|
7 |
|a 327
|x Medzinárodné vzťahy, svetová ekonomika
|2 konspekt
|
| 080 |
|
|
|a 327
|2 2001
|
| 080 |
|
|
|a 327.7
|2 2001
|
| 080 |
|
|
|a (048.8)
|2 2001
|
| 100 |
1 |
|
|a Hasenclever, Andreas
|4 aut
|9 497122
|
| 240 |
1 |
0 |
|a Theories of international regimes
|l Česky
|
| 245 |
1 |
0 |
|a Teorie mezinárodních režimů
|c Andreas Hasenclever, Peter Mayer, Volker Rittberger ; [z anglického originálu přeložil Pavel Pšeja]
|
| 250 |
|
|
|a 1. vyd.
|
| 260 |
|
|
|a Brno
|b Centrum strategických studií
|c 2005
|
| 300 |
|
|
|a 214 s.
|b tab.
|c 23 cm
|
| 490 |
1 |
|
|a Současná teorie mezinárodních vztahů
|
| 504 |
|
|
|a Bibliogr. s. 203-214. Pozn.
|
| 650 |
0 |
7 |
|a medzinárodné vzťahy
|x teória
|2 SNKPH
|9 405745
|
| 650 |
0 |
7 |
|a medzinárodné inštitúcie a organizácie
|2 SNKPH
|9 73817
|
| 655 |
|
7 |
|a štúdie
|2 SNKPH
|9 57033
|
| 700 |
1 |
|
|a Mayer, Peter,
|d 1961-
|4 aut
|9 92215
|
| 700 |
1 |
|
|a Rittberger, Volker,
|d 1941-
|4 aut
|9 497123
|
| 700 |
1 |
|
|a Pšeja, Pavel,
|d 1970-
|4 trl
|9 92166
|
| 830 |
|
0 |
|a Současná teorie mezinárodních vztahů
|9 497124
|
| 919 |
|
|
|a 80-903333-4-6
|
| 999 |
|
|
|c 769079
|d 771009
|
| 952 |
|
|
|t snkTEO 327
|a SNKUST
|b SNKUST
|y PREZ
|7 0
|p 17A0521516
|o snkIC 134008
|i snk2006/21019
|8 4
|g 10.59
|0 0
|1 0
|4 0
|d 2006-10-11
|l 0
|r 2025-05-28 00:00:00
|w 2026-02-24
|